Svìt navkolo nas = Svět kolem nás /

Hlavní autor: Huzovs‘ka-Koryc‘ka, Halyna Romanìvna, 1963-
Další autoři: Charlamova, Ljudmila Aleksandrovna, 1949-, Riskó, Oxána, 1985-, Huzovs'ka-Koryc'ka, Halyna Romanìvna, 1963-, Huzovs'ka-Koryc'ka, Halyna Romanìvna, 1963-
Jazyk: Ukrajinština
Čeština
Vydáno: Praha : Ideál, 2023
Vydání: Vydání první
Edice: Knihy pro děti
Témata:
Fyzický popis: 39 stran : barevné ilustrace ; 28 cm
Language note: Souběžný český text
Knihy
Uloženo v:
LEADER 02075nam a2200541 i 4500
001 nkc20243583043
003 CZ PrNK
005 20241024081801.0
007 ta
008 240109s2023 xr a a 000 j ukro
015 |a cnb003583043 
020 |a 978-80-86995-34-2  |q (vázáno) 
035 |a (OCoLC)1425859937 
040 |a OLA001  |b cze  |d ABA001  |e rda 
041 1 |a ukr  |a cze  |h ukr 
072 7 |a 821.161  |x Východoslovanské literatury  |2 Konspekt  |9 25 
072 7 |a 821-93  |x Literatura pro děti a mládež (beletrie)  |2 Konspekt  |9 26 
080 |a 821.161.2-34  |2 MRF 
080 |a 821-93  |2 MRF 
080 |a (0:82-34)  |2 MRF 
080 |a (0.027)=030  |2 MRF 
100 1 |a Huzovs‘ka-Koryc‘ka, Halyna Romanìvna,  |d 1963-  |7 xx0313743  |4 aut 
245 1 0 |a Svìt navkolo nas =  |b Svět kolem nás /  |c Halyna Huzovs‘ka-Koryc‘ka ; chudožnyk Ljudmyla Charlamova ; překlad: Oxána Riskó 
246 3 1 |a Svět kolem nás 
250 |a Vydání první 
264 1 |a Praha :  |b Ideál,  |c 2023 
300 |a 39 stran :  |b barevné ilustrace ;  |c 28 cm 
336 |a text  |b txt  |2 rdacontent 
337 |a bez média  |b n  |2 rdamedia 
338 |a svazek  |b nc  |2 rdacarrier 
490 1 |a Knihy pro děti ;  |v svazek 3 
546 |a Souběžný český text 
655 7 |a ukrajinské pohádky  |7 fd131874  |2 czenas 
655 7 |a dvojjazyčná vydání  |7 fd194533  |2 czenas 
655 7 |a publikace pro děti  |7 fd133156  |2 czenas 
655 9 |a Ukrainian fairy tales  |2 eczenas 
655 9 |a bilingual editions  |2 eczenas 
655 9 |a children's literature  |2 eczenas 
700 1 |a Charlamova, Ljudmila Aleksandrovna,  |d 1949-  |7 kv20201075119  |4 ill 
700 1 |a Riskó, Oxána,  |d 1985-  |7 xx0313738  |4 trl 
700 1 2 |a Huzovs'ka-Koryc'ka, Halyna Romanìvna,  |d 1963-  |t Svìt navkolo nas 
700 1 2 |a Huzovs'ka-Koryc'ka, Halyna Romanìvna,  |d 1963-  |t Svìt navkolo nas.  |l Česky 
830 0 |a Knihy pro děti  |0 s 
910 2 |a BOA001  |b 3-1519.171 
990 |a BK 
995 |a 01 
991 |b 202401  |c NOV 
996 6 |b 2610959040  |c 3-1519.171  |l MZK  |r Sklad / do 1 hodiny  |n 0  |p p.v.  |w 001950406  |u 000010  |a 1  |e BOA001  |j MZK50  |s P